00657nam a22002057a 4500003000500000005001700005008004100022010001000063011001000073035001000083040000900093100002100102245003300123260009100156300000900247490007000256650003000326700002500356830007000381CHAP20220329135549.0971013s1979 r 00010 d a38573 a39545 a43666 cCHAP00aEspejel, Ileana. aGuanacaste, orejón, parota aJalapa, Ver. :bInstituto Nacional de Investigaciones sobre Recursos Bióticos,c1979 as.p. aComunicado sobre recursos bióticos potenciales del paísv; 3314aEnterolobium cyclocarpum.0 aMartínez, Enrique.0 aComunicado sobre recursos bióticos potenciales del paísv; 33